|
|
|
|
| LEADER |
01215nam a22002537a 4500 |
| 001 |
AAL8273 |
| 003 |
BD-DhAAL |
| 005 |
20160203123243.0 |
| 008 |
160203s 2010bd ||||| |||| 00| 0 ben d |
| 020 |
|
|
|a 9789840411372
|
| 040 |
|
|
|a BD-DhAAL
|c BD-DhAAL
|
| 082 |
|
|
|a 342.5492/02
|
| 100 |
|
|
|a পাটওয়ারী, আয়াত আলী
|9 17702
|
| 245 |
|
|
|a সাংবিধানিক সরকার বনাম তত্ত্ববধায়ক সরকার /
|c আয়াত আলী পাটওয়ারী
|
| 250 |
|
|
|a 1st ed.
|
| 260 |
|
|
|a ঢাকা :
|b আগামী প্রকাশনী,
|c ২০১০.
|
| 300 |
|
|
|a ১৯০ পৃ. ;
|c ২২ সে.মি.
|
| 541 |
|
|
|e 8273
|
| 650 |
|
|
|a Constitutional law
|z Bangladesh.
|9 17703
|
| 651 |
|
|
|a Bangladesh
|x Politics and government.
|9 17704
|
| 942 |
|
|
|2 ddc
|c BK
|
| 999 |
|
|
|c 36758
|d 36758
|
| 952 |
|
|
|0 0
|1 0
|2 ddc
|4 0
|6 342_549200000000000_02_PAT
|7 0
|9 57841
|a SCL
|b SCL
|c GEN
|d 2016-02-03
|g 300.00
|l 0
|o 342.549202 PAT
|p 3020008273
|r 2016-02-03
|t 1
|w 2016-02-03
|y BK
|
| 952 |
|
|
|0 0
|1 0
|2 ddc
|4 0
|6 342_549200000000000_02_PAT
|7 0
|9 57842
|a SCL
|b SCL
|c GEN
|d 2016-02-03
|g 300.00
|l 3
|o 342.549202 PAT
|p 3020008272
|r 2023-04-10
|s 2023-04-05
|t 2
|w 2016-02-03
|y BK
|